WWII Quiz - Statistics

General Stats
  • This quiz has been taken 37 times
  • The average score is 8 of 10
Answer Stats
Question Answer % Correct
Who lead Germany in WWII? Adolf Hitler
100%
After Hitler conquered France, what did he do to England? Bomb major cities throughout England
100%
Why did Hitler want all of the land? He wants to increase the ethnic German population
100%
Which country was the first to be invaded by Germany? Poland
100%
Which country had the highest number of losses in WWII? Russia
100%
Which country began WWII? Germany
80%
Which country was the first to become Allies with Germany? Italy
80%
Who was the leader of the USSR at the time of WWII? Joseph Stalin
80%
During WWII there was 1 other major war happening at the time in Europe, who were the 2 sides in that war? USSR and Finland
80%
Before WWII had started, Japan conquered which country? Korean Republic
20%
No matching quizzes found
Score Distribution
Percent of People with Each Score
Percentile by Number Answered
Your Score History
You have not taken this quiz